History Quiz

Random History or Art Quiz

World's Most Visited Art Museums Quiz Stats

Quiz Updated Mar 28, 2012

Also try: World Museums
Challenge
Share
Tweet
Embed
Score 0/42 Timer 10:00
4 Plays Today
City Museum or Gallery % Correct
ParisMusée du Louvre
95.6%
New YorkMetropolitan Museum of Art
64.8%
New YorkMuseum of Modern Art
60.4%
WashingtonSmithsonian American Art Museum
48.7%
New YorkSolomon R. Guggenheim Museum
46.8%
LondonNational Gallery
44%
LondonBritish Museum
39.5%
LondonTate Modern
38%
ParisMusée d'Orsay
32.9%
MadridMuseo del Prado
32%
St. PetersburgHermitage Museum
28%
FlorenceGalleria degli Uffizi
24.7%
LondonNational Portrait Gallery
22.5%
WashingtonNational Portrait Gallery
22.5%
AmsterdamVan Gogh Museum
19.7%
LondonVictoria and Albert Museum
18.2%
MadridMuseo Nacional Centro de Arte Reina Sofía
14.6%
ChicagoArt Institute of Chicago
13.9%
Los AngelesJ. Paul Getty Museum
13.9%
ParisCentre Georges Pompidou
13.5%
LondonTate Britain
13.5%
City Museum or Gallery % Correct
BarcelonaMuseu Picasso
12.6%
WashingtonNational Gallery of Art
9.5%
MoscowMoscow Kremlin Museum
6.3%
FlorenceAccademia di Belle Arti
5.5%
San FranciscoM.H. de Young Memorial Museum
3.9%
HoustonMuseum of Fine Arts, Houston
3.7%
LondonSaatchi Gallery
3.5%
BerlinPergamon Museum
3.3%
VeniceDoge's Palace
2.8%
LondonRoyal Academy of Arts
2.8%
TaipeiNational Palace Museum
2.6%
ViennaKunsthistorisches Museum
2.3%
GlasgowKelvingrove Art Gallery and Museum
2.3%
SeoulNational Museum of Korea
2.2%
MoscowState Tretyakov Gallery
1.8%
IndianapolisChildren's Museum of Indianapolis
1.8%
TokyoTokyo National Museum
1.8%
ParisMusée du quai Branly
1.2%
TokyoNational Museum of Western Art
1.1%
SydneyArt Gallery of New South Wales
1%
TokyoMori Art Museum
1%

You're not logged in!

Compare scores with friends on all Sporcle quizzes.
Sign Up with Email
OR
Log In

You Might Also Like...

Show Comments

Extras

Top Quizzes Today


Score Distribution

Your Account Isn't Verified!

In order to create a playlist on Sporcle, you need to verify the email address you used during registration. Go to your Sporcle Settings to finish the process.

Report this User

Report this user for behavior that violates our Community Guidelines.

Details: